Arrondissements les plus peuplés de Lyon - Statistiques

Statistiques générales
  • Ce quiz a été pris 40 fois
  • Le résultat moyen est 8 sur 9
Statistiques - réponses
Classement Population Arrondissement % Correct
1 101 000 3e
100%
2 87 000 7e
97%
5 50 000 6e
95%
3 84 000 8e
95%
4 53 000 9e
95%
7 35 000 4e
89%
6 48 000 5e
89%
9 29 000 1e
86%
8 29 000 2e
86%
Aucun quiz correspondant
Distribution des résultats
% des personnes avec chaque résultat
Percentile par nombre de réponses
Votre historique - résultats
Vous n’avez pas pris ce quiz